000 00804cab a2200253 4500
001 ABS54005
008 090401t1995 xxu||||| |||| 00| 0 eng d
035 _a(Sirsi) u7842
041 _aeng
100 _aMonnington, B.
245 2 _aA fairer deal for landlord and tenant
260 _c1995
350 _a0
490 _aCountry Landowner
_vNovember 1995, 22(1)
520 _aSummarises the provisions of the Landlord and Tenant (Covenants) Act 1995 affecting new leases only and those applying to both existing and new leases.
650 _aAUTHORISED GUARANTEE AGREEMENT
650 _aCOVENANTS
650 _aLANDLORD AND TENANT (COVENANTS) ACT 1995
650 _aLEASES
650 _aPRIVITY OF CONTRACT
690 _aPROPERTY-LANDLORD AND TENANT
942 _n0
948 _c04/03/1997
999 _c4771
_d4771